000 00289nam a2200097Ia 4500
008 220204s9999 xx 000 0 und d
082 _a331:338.23:331.2(540)
_bREP;1
245 0 _aReport of the study group for wage policy
260 _aDelhi
_bNational Commission on labour
_c1969
942 _cBK
999 _c22016
_d22016